La musique de A à Z - Statistiques

Statistiques générales
  • Ce quiz a été pris 42 278 fois
  • Le résultat moyen est 14 sur 26
Statistiques - réponses
Indice Réponse % Correct
A Chanteuse belge, à l'origine de Balance ton quoi Angèle
98%
K Façon divertissante de chanter, habituellement en suivant les paroles sur un écran Karaoké
84%
E Événement annuel qui réunit majoritairement des pays européens dans le cadre d'une compétition musicale Eurovision
78%
G Chanteur québécois qui interprète le personnage de Quasimododans la comédie musicale Notre-Dame de Paris Garou
72%
H Titre le plus populaire de la chanteuse britannique Adèle,paru en 2015 Hello
72%
L Chanteuse américaine aux tenues extravagantes qui fut born this way ! Lady Gaga
70%
R Strophe d’une chanson qui conserve toujours la même mélodie et qui revient périodiquement entre chaque couplet Refrain
67%
I Titre présent dans le dessin animé Le Livre de la jungle chanté par l'ours Baloo Il en faut peu pour être heureux
66%
Z Chanteuse française, qui devient connue du grand public avec la chanson Je veux Zaz
64%
T Instrument de prédilection de Louis Armstrong Trompette
62%
X Instrument constitué de lames qu'on frappe avec de petits maillets Xylophone
61%
W Rappeur américain, ex-conjoint de Kim Kardashian, auteur-interprète de "Stronger" Kanye West
59%
F Ensemble de musiciens dont les instruments sont exclusivement des cuivres et percussions. Souvent présent dans l'armée Fanfare
58%
M Instrument indispensable aux musiciens, qui indique le tempo à suivre et la régularité de la pulsation Métronome
58%
P Le roi du Rock and Roll Elvis Presley
55%
D Chanson emblème de l'ère disco, du groupe suédois ABBA Dancing Queen
55%
J Icône pop mondiale, avec plus de 50 ans de carrière, il produit en 2019 le film Rocketman qui lui est consacré Elton John
54%
Y Chanson disco du groupe Village People, qui en est leur plus populaire, sortie en 1978 YMCA
49%
B Instrument de musique à cordes, très utilisé dans le jazz, puis dans la musique country Banjo
48%
S Genre musical dansant latino-américain qui s'est diffusé largement de Porto-Rico à New-York Salsa
48%
V Compositeur de musique classique, violoniste et prêtre catholique italien, né en 1678 Antonio Vivaldi
46%
Q Intervalle de cinq notes; juste, diminué ou augmenté Quinte
39%
C Terme désignant un ensemble de sons discordants Cacophonie
37%
U Première note de la gamme de do ensuite devenue "do" afin que la prononciation soit plus facile lorsque cette note est chantée Ut
33%
O Indique le classement d'une oeuvre dans le répertoire d'un compositeur Opus
14%
N Première représentation graphique de la notation musicale occidentale Neume
2%
Aucun quiz correspondant
Distribution des résultats
% des personnes avec chaque résultat
Percentile par nombre de réponses
Votre historique - résultats
Vous n’avez pas pris ce quiz